000 00766nam a2200205Ii 4500
003 JO-AjNU
008 230605s9999||||xx |||||||||||||| ||und||
017 _a1978/819
040 _aJO-AjNU
_bara
_erda
_cJO-AjNU
041 _aara
050 1 4 _aHM73.W3748 1978
100 3 _aالوردي، سليم علي,
_eauthor
_938066
245 0 0 _aعلم الاجتماع بين الموضوعية والوضعية: مناقشة لمنهج الدكتور علي الوردي في دراسة المجتمع العراقي
264 3 1 _aبغداد: د. ن، 1978
300 _a75ص
336 _atext
_btxt
_2rdacontent
337 _aunmediated
_bn
_2rdamedia
338 _avolume
_bnc
_2rdacarrier
650 4 _aعلم الاجتماع- المجتمع العراقي
_938067
999 _aA15962
_c19530
_d19530